Every Winner Of The F1 Italian Grand Prix - Statistics

General Stats
  • This quiz has been taken 19 times
    4 since last reset
  • The average score is 77 of 97
Answer Stats
Hint Answer % Correct
1981 Alain Prost
100%
1985 Alain Prost
100%
1989 Alain Prost
100%
1949 Alberto Ascari
100%
1951 Alberto Ascari
100%
1952 Alberto Ascari
100%
1924 Antonio Ascari
100%
1990 Ayrton Senna
100%
1992 Ayrton Senna
100%
2019 Charles Leclerc
100%
2024 Charles Leclerc
100%
1993 Damon Hill
100%
1994 Damon Hill
100%
2021 Daniel Ricciardo
100%
2007 Fernando Alonso
100%
2010 Fernando Alonso
100%
1950 Giuseppe Farina
100%
1962 Graham Hill
100%
1953 Juan Manuel Fangio
100%
1954 Juan Manuel Fangio
100%
1955 Juan Manuel Fangio
100%
2012 Lewis Hamilton
100%
2014 Lewis Hamilton
100%
2015 Lewis Hamilton
100%
2017 Lewis Hamilton
100%
2018 Lewis Hamilton
100%
2022 Max Verstappen
100%
2023 Max Verstappen
100%
2025 Max Verstappen
100%
1996 Michael Schumacher
100%
1998 Michael Schumacher
100%
2000 Michael Schumacher
100%
2003 Michael Schumacher
100%
2006 Michael Schumacher
100%
1980 Nelson Piquet
100%
1983 Nelson Piquet
100%
1986 Nelson Piquet
100%
1987 Nelson Piquet
100%
2016 Nico Rosberg
100%
1960 Phil Hill
100%
1961 Phil Hill
100%
2020 Pierre Gasly
100%
2008 Sebastian Vettel
100%
2011 Sebastian Vettel
100%
2013 Sebastian Vettel
100%
1997 David Coulthard
75%
1972 Emerson Fittipaldi
75%
1988 Gerhard Berger
75%
1999 Heinz-Harald Frentzen
75%
1965 Jackie Stewart
75%
1969 Jackie Stewart
75%
1963 Jim Clark
75%
1979 Jody Scheckter
75%
1995 Johnny Herbert
75%
1964 John Surtees
75%
1967 John Surtees
75%
2001 Juan Pablo Montoya
75%
2005 Juan Pablo Montoya
75%
1977 Mario Andretti
75%
1991 Nigel Mansell
75%
1978 Niki Lauda
75%
1984 Niki Lauda
75%
2002 Rubens Barrichello
75%
2004 Rubens Barrichello
75%
2009 Rubens Barrichello
75%
1956 Stirling Moss
75%
1957 Stirling Moss
75%
1959 Stirling Moss
75%
1936 Bernd Rosemeyer
50%
1947 Carlo Felice Trossi
50%
1923 Carlo Salamano
50%
1970 Clay Regazzoni
50%
1975 Clay Regazzoni
50%
1968 Denny Hulme
50%
1925 Gastone Brilli-Peri
50%
1931 Giuseppe Campari
50%
1935 Hans Stuck
50%
1948 Jean-Pierre Wimille
50%
1921 Jules Goux
50%
1926 Louis Charavel
50%
1928 Louis Chiron
50%
1966 Ludovico Scarfiotti
50%
1933 Luigi Fagioli
50%
1934 Luigi Fagioli
50%
1971 Peter Gethin
50%
1922 Pietro Bordino
50%
1982 Rene Arnoux
50%
1927 Robert Benoist
50%
1973 Ronnie Peterson
50%
1974 Ronnie Peterson
50%
1976 Ronnie Peterson
50%
1934 Rudolf Caracciola
50%
1937 Rudolf Caracciola
50%
1931 Tazio Nuvolari
50%
1932 Tazio Nuvolari
50%
1938 Tazio Nuvolari
50%
1958 Tony Brooks
50%
No matching quizzes found
Score Distribution
Percent of People with Each Score
Percentile by Number Answered
Your Score History
You have not taken this quiz since the last reset